01541cam a2200277 a 450000100090000000300040000900500170001300800410003001000170007102000180008802000150010604000180012105000220013908200240016110000210018524500640020625000120027026000500028230000350033250000200036750507970038765000110118465000250119565000260122065000170124615535850OSt20200130124630.0081126s2008 maua 001 0 eng  a 2008050371 a9788131759332 a0136078974 aDLCcDLCdDLC00aHG4651b.F28 200800a332.6323222bFAB/B aFabozzi, Frank J10aBond markets, analysis, and strategies /cFrank J. Fabozzi. a7th ed. aBoston, MA :bPearson/Addison-Wesley,cc2008. axiii, 778 p. :bill. ;c26 cm. aIncludes index.0 aPricing of bonds -- Measuring yield -- Bond price volatility -- Factors affecting bond yields and the term structure of interest rates -- Treasury and agency securities -- Corporate debt instruments -- Municipal securities -- Non-U.S. bonds -- Residential mortgage loans -- Agency mortgage pass-through securities -- Agency collateralized mortgage obligations and stripped mortgage-backed securities -- Nonagency residential mortgage-backed securities -- Commercial mortgage loans and commercial mortgage-backed securities -- Asset-backed securities -- Collateralized debt obligations -- Interest-rate models -- Analysis of bonds embedded options -- Analysis of residential mortgage-backed securities -- Analysis of convertible bonds -- Corporate bond credit analysis -- Credit risk modeling. 0aBonds. 0aInvestment analysis. 0aPortfolio management. 0aBond market.